Statistics for Queen of the Universe Queens Countries

Click here to take the quiz!

General Stats

  • This quiz has been taken 113 times
    (72 since last reset)
  • The average score is 16 of 24

Answer Stats

SEASONQUEENLOCATION% Correct
S1JujubeeBoston, USA
94%
S1Grag QueenCanela, Brazil
92%
S1Regina VoceMexico City, Mexico
85%
S2Jazell RoyaleJacksonville, USA
83%
S2Aura EternalPalermo, Italy
81%
S1Ada VoxSan Antonio, USA
79%
S2Love MasisiAmsterdam, Netherlands
77%
S1La VoixLondon, England, UK
75%
S1Leona WinterParis, France
75%
S1Aria B CassadineAtlanta, USA
73%
S2Taiga BravaCancún, Mexico
69%
S2ViolaManchester, England, UK
69%
S1Chy'enne ValentinoChicago, USA
63%
S1GingzillaSydney, Australia
62%
S1WoowuGuangzhou, China
60%
S2Militia ScuntLos Angeles, USA
58%
S2Trevor AshleySydney, Australia
58%
S1Rani Ko-He-NurMumbai, India
56%
S2Chloe VRio de Janeiro, Brazil
52%
S1Matante AlexMontreal, Canada
50%
S1NovaczarNew York City, USA
50%
S2Miss SistrataTel Aviv, Israel
46%
S1Betty BitschlapCopenhagen, Denmark
44%
S2MaxieQuezon City, Philippines
44%

Score Distribution

Percentile by Number Answered

Percent of People with Each Score

Your Score History

You have not taken this quiz since the last reset